[Event "CZE-chT2D 1819"]
[Site "Czech Republic"]
[Date "2018.12.16"]
[Round "5.8"]
[White "Pavlicek, Lukas"]
[Black "Sladek, Vladislav"]
[Result "1/2-1/2"]
[WhiteElo "1894"]
[BlackElo "1928"]
[PlyCount "60"]
[EventDate "2018.10.14"]
[EventType "team-tourn"]
[EventRounds "11"]
[EventCountry "CZE"]
[SourceTitle "EXT 2022"]
[Source "ChessBase"]
[SourceDate "2021.10.06"]
[SourceVersion "1"]
[SourceVersionDate "2021.10.06"]
[SourceQuality "1"]
[WhiteTeam "Policka Stefanydes"]
[BlackTeam "Brno Lokomotiva"]
[WhiteTeamCountry "CZE"]
[BlackTeamCountry "CZE"]

1. e4 d5 2. exd5 Qxd5 3. Nc3 Qa5 4. d4 Nf6 5. Nf3 Bf5 6. Bc4 e6 7. Bd2 c6 8. Nd5 Qd8 9. Nxf6+ Qxf6 10. 0-0 Bg4 11. c3 Bxf3 12. Qxf3 Qxf3 13. gxf3 Nd7 14. b4 Nb6 15. Bb3 Be7 16. a4 a6 17. b5 axb5 18. axb5 Kd7 19. bxc6+ Kxc6 20. Bc2 g5 21. Be4+ Kc7 22. f4 h6 23. fxg5 hxg5 24. Kg2 f5 25. Bd3 Bd6 26. Rxa8 Rxh2+ 27. Kg1 Nxa8 28. Bxg5 Rh3 29. Bc4 e5 30. dxe5 Bxe5 1/2-1/2

[Event "CZE-chT1E 1718"]
[Site "Czech Republic"]
[Date "2018.04.15"]
[Round "11.1"]
[White "Skalsky, Alexandr"]
[Black "Sladek, Vladislav"]
[Result "1-0"]
[WhiteElo "2152"]
[BlackElo "1922"]
[PlyCount "57"]
[EventDate "2017.10.22"]
[EventType "team-tourn"]
[EventRounds "11"]
[EventCountry "CZE"]
[SourceTitle "EXT 2019"]
[Source "ChessBase"]
[SourceDate "2018.10.10"]
[SourceVersion "1"]
[SourceVersionDate "2018.10.10"]
[SourceQuality "1"]
[WhiteTeam "Stare Mesto"]
[BlackTeam "Brno Lokomotiva"]
[WhiteTeamCountry "CZE"]
[BlackTeamCountry "CZE"]

1. e4 d5 2. exd5 Qxd5 3. Nc3 Qa5 4. d4 Nf6 5. Nf3 Bf5 6. Bc4 e6 7. Bd2 c6 8. Nd5 Qd8 9. Nxf6+ Qxf6 10. Qe2 Bg4 11. 0-0-0 Nd7 12. Qe4 Bxf3 13. gxf3 0-0-0 14. Rhg1 h6 15. Bf4 Nb6 16. Be5 Qe7 17. Bb3 Qd7 18. Bxg7 Rg8 19. Bxf8 Rdxf8 20. Rg3 Rg5 21. Rxg5 hxg5 22. Qe5 Rg8 23. Rg1 Nd5 24. Rxg5 Rd8 25. Bxd5 cxd5 26. f4 Qa4 27. Rg3 Kd7 28. f5 Rc8 29. fxe6+ 1-0

[Event "CZE-chT2E 1718"]
[Site "Czech Republic"]
[Date "2017.12.17"]
[Round "5.6"]
[White "Sladek, Vladislav"]
[Black "Stancik, Jakub"]
[Result "0-1"]
[WhiteElo "1922"]
[BlackElo "2034"]
[PlyCount "82"]
[EventDate "2017.10.15"]
[EventType "team-tourn"]
[EventRounds "11"]
[EventCountry "CZE"]
[SourceTitle "EXT 2022"]
[Source "ChessBase"]
[SourceDate "2021.10.06"]
[SourceVersion "1"]
[SourceVersionDate "2021.10.06"]
[SourceQuality "1"]
[WhiteTeam "Kurim"]
[BlackTeam "Vsetin"]
[WhiteTeamCountry "CZE"]
[BlackTeamCountry "CZE"]

1. d4 d5 2. c4 e6 3. Nf3 c5 4. cxd5 exd5 5. g3 Nc6 6. Bg2 Nf6 7. 0-0 Be7 8. Nc3 0-0 9. Bg5 cxd4 10. Nxd4 h6 11. Bf4 Bg4 12. h3 Be6 13. Ncb5 Qd7 14. Kh2 Rac8 15. Rc1 a6 16. Nxc6 bxc6 17. Nd4 c5 18. Nf3 Qb5 19. Qc2 d4 20. b3 Nd5 21. Ne5 Nxf4 22. gxf4 Bd6 23. Qe4 Qb8 24. Rg1 f5 25. Qd3 Bxe5 26. fxe5 Qxe5+ 27. Kh1 Bd5 28. Qxa6 Ra8 29. Qg6 Rxa2 30. f4 Bxg2+ 31. Rxg2 Qe7 32. Rcg1 Rf7 33. Qxh6 Rxe2 34. Qc6 Rxg2 35. Rxg2 Qe1+ 36. Kh2 Qe4 37. Qxc5 Qxf4+ 38. Kh1 Qe4 39. Qc8+ Kh7 40. Qc4 Ra7 41. Kh2 Qf4+ 0-1

[Event "CZE-chT1E 1718"]
[Site "Czech Republic"]
[Date "2017.11.26"]
[Round "3.1"]
[White "Sladek, Vladislav"]
[Black "Mudrak, Josef"]
[Result "0-1"]
[WhiteElo "1922"]
[BlackElo "2256"]
[PlyCount "100"]
[EventDate "2017.10.22"]
[EventType "team-tourn"]
[EventRounds "11"]
[EventCountry "CZE"]
[SourceTitle "EXT 2019"]
[Source "ChessBase"]
[SourceDate "2018.10.10"]
[SourceVersion "1"]
[SourceVersionDate "2018.10.10"]
[SourceQuality "1"]
[WhiteTeam "Brno Lokomotiva"]
[BlackTeam "Kromeriz"]
[WhiteTeamCountry "CZE"]
[BlackTeamCountry "CZE"]

1. e4 c5 2. d4 cxd4 3. c3 dxc3 4. Nxc3 Nc6 5. Nf3 e6 6. Bc4 Nge7 7. Bg5 f6 8. Be3 Ng6 9. 0-0 Be7 10. Qe2 0-0 11. Rfd1 Qe8 12. Rac1 f5 13. exf5 Rxf5 14. Bd3 Nf4 15. Bxf4 Rxf4 16. Ne4 Qh5 17. Ng3 Qf7 18. Bb1 g6 19. a3 Rxf3 20. Qxf3 Qxf3 21. gxf3 d5 22. Bd3 Bd7 23. Be2 Rd8 24. Nf1 Bf6 25. Rc2 Nd4 26. Rcd2 e5 27. Ne3 Ba4 28. Re1 Bg5 29. Kg2 Bf4 30. Bd1 Bc6 31. Rd3 Kg7 32. Nc2 Nxc2 33. Bxc2 g5 34. h3 h5 35. Bb3 d4 36. Bd1 g4 37. hxg4 hxg4 38. Rh1 Bd5 39. Rh4 Bc4 40. Rxg4+ Kf6 41. Bc2 Bxd3 42. Bxd3 Bc1 43. b3 Bxa3 44. f4 e4 45. Bxe4 d3 46. Bf3 d2 47. Bd1 Re8 48. Kh1 Re1+ 49. Rg1 Kf5 50. Kg2 Kxf4 0-1

[Event "CZE-chT2E 1617"]
[Site "Czech Republic"]
[Date "2016.10.09"]
[Round "1.6"]
[White "Horsak, Jan"]
[Black "Sladek, Vladislav"]
[Result "1-0"]
[WhiteElo "2087"]
[BlackElo "1984"]
[PlyCount "41"]
[EventDate "2016.09.10"]
[EventType "team-tourn"]
[EventRounds "11"]
[EventCountry "CZE"]
[SourceTitle "EXT 2022"]
[Source "ChessBase"]
[SourceDate "2021.10.06"]
[SourceVersion "1"]
[SourceVersionDate "2021.10.06"]
[SourceQuality "1"]
[WhiteTeam "Stare Mesto II"]
[BlackTeam "Kurim"]
[WhiteTeamCountry "CZE"]
[BlackTeamCountry "CZE"]

1. c4 e5 2. g3 Nc6 3. Bg2 Bc5 4. e3 d6 5. Ne2 a6 6. 0-0 Ba7 7. d4 h5 8. b4 Qe7 9. Nbc3 Nf6 10. b5 axb5 11. cxb5 Nd8 12. dxe5 dxe5 13. Nd5 Nxd5 14. Qxd5 c6 15. bxc6 Nxc6 16. a4 Be6 17. Qb5 Rc8 18. Ba3 Qc7 19. Rab1 f6 20. Qxb7 Bc4 21. Bxc6+ 1-0

[Event "Ostrava Konik op-A"]
[Site "Ostrava"]
[Date "2016.05.02"]
[Round "3"]
[White "Vesely, Martin"]
[Black "Sladek, Vladislav"]
[Result "1/2-1/2"]
[WhiteElo "2089"]
[BlackElo "2009"]
[PlyCount "55"]
[EventDate "2016.04.30"]
[EventType "swiss"]
[EventRounds "9"]
[EventCountry "CZE"]
[SourceTitle "CBM 172 Extra"]
[Source "ChessBase"]
[SourceDate "2016.06.21"]
[SourceVersion "1"]
[SourceVersionDate "2016.06.21"]
[SourceQuality "1"]

1. d4 d5 2. c4 e5 3. dxe5 d4 4. Nf3 Nc6 5. g3 Nge7 6. Bg2 Ng6 7. 0-0 Ngxe5 8. Nbd2 Be7 9. b3 Nxf3+ 10. Nxf3 Bf6 11. Ba3 Bf5 12. Qd2 Qd7 13. e4 dxe3 14. Qxe3+ Qe6 15. Qxe6+ Bxe6 16. Rad1 Be7 17. Bxe7 Kxe7 18. Ng5 Rad8 19. Nxe6 Kxe6 20. Rfe1+ Kf6 21. Bxc6 bxc6 22. Kg2 Rd6 23. Rc1 Rhd8 24. Rc3 Re6 25. Rxe6+ Kxe6 26. Re3+ Kf6 27. Re2 a5 28. Re3 1/2-1/2

[Event "CZE-chT2E 1516"]
[Site "Czech Republic"]
[Date "2016.02.07"]
[Round "7.6"]
[White "Sladek, Vladislav"]
[Black "Fiala, Jiri"]
[Result "1/2-1/2"]
[WhiteElo "2009"]
[BlackElo "1926"]
[PlyCount "36"]
[EventDate "2015.10.18"]
[EventType "team-tourn"]
[EventRounds "11"]
[EventCountry "CZE"]
[SourceTitle "EXT 2022"]
[Source "ChessBase"]
[SourceDate "2021.10.06"]
[SourceVersion "1"]
[SourceVersionDate "2021.10.06"]
[SourceQuality "1"]
[WhiteTeam "Kurim"]
[BlackTeam "Prostejov"]
[WhiteTeamCountry "CZE"]
[BlackTeamCountry "CZE"]

1. e4 c5 2. Nf3 e6 3. d4 cxd4 4. c3 d5 5. Qxd4 Nc6 6. Bb5 Bd7 7. Bxc6 bxc6 8. 0-0 Nf6 9. Bg5 Be7 10. e5 Ne4 11. Bxe7 Qxe7 12. Nbd2 Nxd2 13. Qxd2 0-0 14. Rfe1 a5 15. h3 a4 16. b4 axb3 17. axb3 c5 18. Reb1 h6 1/2-1/2

[Event "CZE-chT2E 1415"]
[Site "Czech Republic"]
[Date "2014.12.14"]
[Round "4.5"]
[White "Sladek, Vladislav"]
[Black "Vechet, Stanislav"]
[Result "1/2-1/2"]
[WhiteElo "1996"]
[BlackElo "2204"]
[PlyCount "41"]
[EventDate "2014.11.02"]
[EventType "team-tourn"]
[EventRounds "11"]
[EventCountry "CZE"]
[SourceTitle "EXT 2022"]
[Source "ChessBase"]
[SourceDate "2021.10.06"]
[SourceVersion "1"]
[SourceVersionDate "2021.10.06"]
[SourceQuality "1"]
[WhiteTeam "Dalesice Pivovar"]
[BlackTeam "Brno Moravska Slavia"]
[WhiteTeamCountry "CZE"]
[BlackTeamCountry "CZE"]

1. e4 e5 2. Nf3 Nc6 3. Nc3 Nf6 4. d4 exd4 5. Nxd4 Bb4 6. Nxc6 bxc6 7. Bd3 d5 8. exd5 cxd5 9. 0-0 0-0 10. Bg5 c6 11. Qf3 Be7 12. h3 h6 13. Bh4 Be6 14. Rfe1 Re8 15. Rad1 Nd7 16. Bxe7 Rxe7 17. Qg3 Qb8 18. Qh4 Re8 19. b3 Qd8 20. Qxd8 Raxd8 21. Na4 1/2-1/2

[Event "CZE-chT2E 1415"]
[Site "Czech Republic"]
[Date "2014.11.30"]
[Round "3.6"]
[White "Sladek, Vladislav"]
[Black "Jurak, Stanislav"]
[Result "1/2-1/2"]
[WhiteElo "1996"]
[BlackElo "1839"]
[PlyCount "61"]
[EventDate "2014.11.02"]
[EventType "team-tourn"]
[EventRounds "11"]
[EventCountry "CZE"]
[SourceTitle "EXT 2022"]
[Source "ChessBase"]
[SourceDate "2021.10.06"]
[SourceVersion "1"]
[SourceVersionDate "2021.10.06"]
[SourceQuality "1"]
[WhiteTeam "Dalesice Pivovar"]
[BlackTeam "Hustopece"]
[WhiteTeamCountry "CZE"]
[BlackTeamCountry "CZE"]

1. e4 e6 2. Nf3 d5 3. Nc3 dxe4 4. Nxe4 Nf6 5. Nxf6+ Qxf6 6. d4 h6 7. Bd3 Bd6 8. Qe2 Bd7 9. 0-0 Bf4 10. c4 Bxc1 11. Raxc1 0-0 12. Ne5 g6 13. Rfd1 Rd8 14. Qe3 Kh7 15. Ng4 Qg5 16. Qf3 f5 17. Ne5 Bc6 18. d5 Be8 19. dxe6 Nc6 20. Nxc6 Bxc6 21. Qg3 Qxg3 22. hxg3 Kg7 23. Be2 Kf6 24. c5 Kxe6 25. b4 a6 26. Bc4+ Kf6 27. f3 Ba4 28. Re1 Re8 29. Bd5 c6 30. Bc4 Rad8 31. Rxe8 1/2-1/2

[Event "Ostrava Konik op"]
[Site "Ostrava"]
[Date "2014.05.03"]
[Round "8"]
[White "Kocur, Valter"]
[Black "Sladek, Vladislav"]
[Result "1/2-1/2"]
[WhiteElo "2061"]
[BlackElo "1987"]
[PlyCount "75"]
[EventDate "2014.04.26"]
[EventType "swiss"]
[EventRounds "9"]
[EventCountry "CZE"]
[SourceTitle "CBM 160 Extra"]
[Source "ChessBase"]
[SourceDate "2014.07.01"]
[SourceVersion "1"]
[SourceVersionDate "2014.07.01"]
[SourceQuality "1"]

1. c4 c6 2. d4 d5 3. Nc3 Nf6 4. Nf3 e6 5. e3 Nbd7 6. b3 Bb4 7. Bd2 0-0 8. Bd3 Re8 9. 0-0 Bd6 10. Rc1 e5 11. Bf5 e4 12. Ne1 dxc4 13. bxc4 Nf8 14. Bxc8 Rxc8 15. f4 Qd7 16. c5 Bc7 17. Nc2 b6 18. Na4 b5 19. Nc3 a5 20. Rb1 Red8 21. Kh1 h5 22. Be1 Re8 23. Bh4 Nd5 24. Nxd5 Qxd5 25. Rb2 Ng6 26. Be1 Ne7 27. g4 hxg4 28. Qxg4 Qf5 29. Qe2 g6 30. Rg1 Kg7 31. Rg5 Qh3 32. Rg3 Qh6 33. Qg2 Rh8 34. Rg4 Nf5 35. Bf2 Rce8 36. d5 cxd5 37. Nd4 Nxd4 38. Rh4 1/2-1/2

[Event "CZE-chT2E 1314"]
[Site "Czech Republic"]
[Date "2014.01.05"]
[Round "5.7"]
[White "Chladek, Vaclav"]
[Black "Sladek, Vladislav"]
[Result "1/2-1/2"]
[WhiteElo "2038"]
[BlackElo "1987"]
[PlyCount "21"]
[EventDate "2013.11.03"]
[EventType "team-tourn"]
[EventRounds "11"]
[EventCountry "CZE"]
[SourceTitle "EXT 2016"]
[Source "ChessBase"]
[SourceDate "2015.10.08"]
[SourceVersion "1"]
[SourceVersionDate "2015.10.08"]
[SourceQuality "1"]
[WhiteTeam "Lipovec Garde"]
[BlackTeam "Kurim"]
[WhiteTeamCountry "CZE"]
[BlackTeamCountry "CZE"]

1. e4 d5 2. exd5 Qxd5 3. Nc3 Qa5 4. d4 Nf6 5. Nf3 Bf5 6. Ne5 c6 7. Bd3 Bxd3 8. Qxd3 Nbd7 9. Nc4 Qa6 10. b4 e6 11. b5 1/2-1/2

[Event "Trebic Highlands op 09th"]
[Site "Trebic"]
[Date "2013.09.27"]
[Round "8"]
[White "Nitish, Belurkar"]
[Black "Sladek, Vladislav"]
[Result "1/2-1/2"]
[WhiteElo "1858"]
[BlackElo "2024"]
[PlyCount "73"]
[EventDate "2013.09.21"]
[EventType "swiss"]
[EventRounds "9"]
[EventCountry "CZE"]
[SourceTitle "CBM 156 Extra"]
[Source "ChessBase"]
[SourceDate "2013.10.22"]
[SourceVersion "1"]
[SourceVersionDate "2013.10.22"]
[SourceQuality "1"]

1. d4 c5 2. e3 cxd4 3. exd4 d5 4. Nf3 Nc6 5. b3 Bg4 6. Nbd2 e6 7. Bb2 Nf6 8. Be2 Bd6 9. Ne5 Bf5 10. 0-0 Rc8 11. c4 dxc4 12. Ndxc4 Be7 13. Bf3 0-0 14. Rc1 Be4 15. Bxe4 Nxe4 16. Qe2 Nd6 17. Rfd1 Nxc4 18. bxc4 Qa5 19. d5 Nxe5 20. Bxe5 exd5 21. Bxg7 Kxg7 22. Qxe7 dxc4 23. Rd4 Qf5 24. h3 h5 25. Rdxc4 Rfe8 26. Qxb7 Rxc4 27. Qb2+ Qf6 28. Qxf6+ Kxf6 29. Rxc4 Re1+ 30. Kh2 Re2 31. Ra4 Rxf2 32. h4 Rb2 33. Rxa7 Kf5 34. Rxf7+ Kg4 35. Rg7+ Kxh4 36. a4 Rxg2+ 37. Kxg2 1/2-1/2

[Event "Trebic Highlands op 09th"]
[Site "Trebic"]
[Date "2013.09.23"]
[Round "4"]
[White "Barrish, Daniel"]
[Black "Sladek, Vladislav"]
[Result "1-0"]
[WhiteElo "1921"]
[BlackElo "2024"]
[PlyCount "83"]
[EventDate "2013.09.21"]
[EventType "swiss"]
[EventRounds "9"]
[EventCountry "CZE"]
[SourceTitle "CBM 156 Extra"]
[Source "ChessBase"]
[SourceDate "2013.10.22"]
[SourceVersion "1"]
[SourceVersionDate "2013.10.22"]
[SourceQuality "1"]

1. d4 d5 2. c4 e5 3. dxe5 d4 4. Nf3 Nc6 5. a3 a5 6. Nbd2 Nge7 7. Nb3 Nf5 8. Qd3 a4 9. Nbd2 Be6 10. g3 h5 11. Bh3 Qd7 12. Ne4 h4 13. Neg5 hxg3 14. hxg3 0-0-0 15. Nxe6 fxe6 16. Bg5 Be7 17. Bxe7 Qxe7 18. 0-0-0 Rhf8 19. Qc2 d3 20. Rxd3 Rxd3 21. Qxd3 Rd8 22. Qc2 Nfd4 23. Nxd4 Nxd4 24. Qxa4 Nxe2+ 25. Kb1 Kb8 26. Qb4 Qd7 27. Bg2 c6 28. Re1 Qd3+ 29. Ka2 Nd4 30. Be4 Nc2 31. Bxd3 Nxb4+ 32. axb4 Rxd3 33. Re3 Rd4 34. Kb3 b5 35. cxb5 cxb5 36. Rf3 Re4 37. Rf8+ Kc7 38. Rf7+ Kc6 39. Rxg7 Rxe5 40. Kc3 Re4 41. b3 Re2 42. Rf7 1-0

[Event "Trebic Highlands op 09th"]
[Site "Trebic"]
[Date "2013.09.22"]
[Round "3"]
[White "Sladek, Vladislav"]
[Black "Jelinek, Vaclav"]
[Result "1/2-1/2"]
[WhiteElo "2024"]
[BlackElo "1993"]
[PlyCount "42"]
[EventDate "2013.09.21"]
[EventType "swiss"]
[EventRounds "9"]
[EventCountry "CZE"]
[SourceTitle "CBM 156 Extra"]
[Source "ChessBase"]
[SourceDate "2013.10.22"]
[SourceVersion "1"]
[SourceVersionDate "2013.10.22"]
[SourceQuality "1"]

1. e4 g6 2. d4 Bg7 3. Nc3 d6 4. h4 Nf6 5. Be2 c5 6. Nf3 cxd4 7. Nxd4 h5 8. Be3 Nc6 9. Qd2 a6 10. 0-0-0 Bd7 11. Kb1 b5 12. f3 Ne5 13. Rhe1 Nc4 14. Bxc4 bxc4 15. Ka1 Rb8 16. Rb1 Qc8 17. Nde2 Bc6 18. Qd4 Ba8 19. Bg5 0-0 20. Qe3 Qc7 21. Bh6 Qb6 1/2-1/2

[Event "Trebic Highlands op 09th"]
[Site "Trebic"]
[Date "2013.09.21"]
[Round "1"]
[White "Sladek, Vladislav"]
[Black "Svoboda, Frantisek"]
[Result "1/2-1/2"]
[WhiteElo "2024"]
[BlackElo "1757"]
[PlyCount "62"]
[EventDate "2013.09.21"]
[EventType "swiss"]
[EventRounds "9"]
[EventCountry "CZE"]
[SourceTitle "CBM 156 Extra"]
[Source "ChessBase"]
[SourceDate "2013.10.22"]
[SourceVersion "1"]
[SourceVersionDate "2013.10.22"]
[SourceQuality "1"]

1. e4 Nc6 2. Bc4 Nf6 3. Nc3 e6 4. d3 Be7 5. Bf4 d6 6. Qd2 a6 7. Nge2 b5 8. Bb3 Bb7 9. h4 h5 10. Bg5 Nd7 11. Bxe7 Nxe7 12. f4 Nc5 13. Rf1 Nxb3 14. axb3 Qd7 15. g3 g6 16. Nd4 0-0-0 17. Na2 Kb8 18. Qf2 f5 19. exf5 exf5 20. 0-0-0 c5 21. Nf3 Bxf3 22. Qxf3 Nc6 23. Rfe1 Rhe8 24. Nc3 Nd4 25. Qf2 Qc6 26. Rxe8 Rxe8 27. Re1 b4 28. Rxe8+ Qxe8 29. Nd5 Kb7 30. Kd2 Qc6 31. Ne3 Kc7 1/2-1/2

[Event "CZE-chT rap"]
[Site "Pardubice"]
[Date "2013.07.11"]
[Round "1.3"]
[White "Kononenko, Dmitry"]
[Black "Sladek, Vladislav"]
[Result "1-0"]
[WhiteElo "2610"]
[BlackElo "2008"]
[PlyCount "41"]
[EventDate "2013.07.11"]
[EventType "team-swiss"]
[EventRounds "7"]
[EventCountry "CZE"]
[SourceTitle "CBM 155 Extra"]
[Source "ChessBase"]
[SourceDate "2013.08.26"]
[SourceVersion "1"]
[SourceVersionDate "2013.08.26"]
[SourceQuality "1"]

1. e4 d5 2. exd5 Qxd5 3. Nc3 Qa5 4. d4 Nf6 5. Nf3 Bf5 6. Bc4 e6 7. Bd2 c6 8. Nd5 Qd8 9. Nxf6+ Qxf6 10. Bg5 Qg6 11. Qe2 Be4 12. Ne5 Qxg5 13. Qxe4 Qf6 14. 0-0-0 Be7 15. f4 0-0 16. Rhf1 g6 17. g4 a6 18. f5 exf5 19. gxf5 Qg7 20. fxg6 hxg6 21. Nxf7 1-0

[Event "Brno Duras op-A"]
[Site "Brno"]
[Date "2013.06.28"]
[Round "7"]
[White "Dirgas, Josef"]
[Black "Sladek, Vladislav"]
[Result "1/2-1/2"]
[WhiteElo "2006"]
[BlackElo "2008"]
[PlyCount "103"]
[EventDate "2013.06.22"]
[EventType "swiss"]
[EventRounds "9"]
[EventCountry "CZE"]
[SourceTitle "CBM 155 Extra"]
[Source "ChessBase"]
[SourceDate "2013.08.26"]
[SourceVersion "1"]
[SourceVersionDate "2013.08.26"]
[SourceQuality "1"]

1. d4 d5 2. Nf3 Nf6 3. c4 c6 4. Nc3 e6 5. e3 Nbd7 6. Qc2 Bd6 7. b3 0-0 8. Be2 Re8 9. 0-0 dxc4 10. Bxc4 b5 11. Be2 Bb7 12. Rd1 Qe7 13. Bb2 a6 14. Ne4 Nxe4 15. Qxe4 Nf6 16. Qh4 Nd7 17. Qxe7 Bxe7 18. Rac1 h6 19. Ne1 a5 20. Bf3 Rec8 21. Nd3 a4 22. Nc5 Nxc5 23. dxc5 Rd8 24. b4 Rxd1+ 25. Rxd1 Rd8 26. Rxd8+ Bxd8 27. Be4 f5 28. Bf3 Kf7 29. e4 Bf6 30. e5 Bg5 31. a3 g6 32. g3 h5 33. Kf1 Bh6 34. Ke2 Bg7 35. h3 Bh6 36. Kd3 Ke7 37. Kc2 Bg7 38. Bd4 Kd7 39. Kd3 Ke7 40. Ke2 Kd7 41. Bg2 Ke7 42. Bf3 Kd7 43. g4 hxg4 44. hxg4 Ke7 45. Kf1 Bh6 46. Be3 f4 47. g5 Bxg5 48. Bd4 Kf7 49. Kg2 Be7 50. Kh3 g5 51. Kg4 Kg6 52. Be4+ 1/2-1/2

[Event "Brno Duras op-A"]
[Site "Brno"]
[Date "2013.06.27"]
[Round "6"]
[White "Sladek, Vladislav"]
[Black "Zpevakova, Jana"]
[Result "1-0"]
[WhiteElo "2008"]
[BlackElo "1924"]
[PlyCount "105"]
[EventDate "2013.06.22"]
[EventType "swiss"]
[EventRounds "9"]
[EventCountry "CZE"]
[SourceTitle "CBM 155 Extra"]
[Source "ChessBase"]
[SourceDate "2013.08.26"]
[SourceVersion "1"]
[SourceVersionDate "2013.08.26"]
[SourceQuality "1"]

1. d4 Nf6 2. Nf3 d6 3. Nc3 Nbd7 4. e4 e5 5. Bc4 Be7 6. Ng5 0-0 7. Bxf7+ Rxf7 8. Ne6 Qe8 9. Nxc7 Qd8 10. Nxa8 b6 11. Nb5 a6 12. Nac7 Nf8 13. dxe5 dxe5 14. Be3 axb5 15. Qxd8 Bxd8 16. Nxb5 Nxe4 17. 0-0-0 Be7 18. f3 Bc5 19. Bxc5 Nxc5 20. Rhe1 Re7 21. Nd6 Ba6 22. Nf5 Rc7 23. Kb1 Ng6 24. Rd6 Nd7 25. Red1 Ngf8 26. Ne7+ Kf7 27. Nd5 Rc4 28. Nxb6 Nxb6 29. Rxb6 Bc8 30. b3 Rc7 31. Rbd6 Bf5 32. R6d2 Ne6 33. Rd7+ Rxd7 34. Rxd7+ Kf6 35. Rd2 Nd4 36. Kb2 Ke6 37. a4 Nc6 38. c3 g5 39. b4 g4 40. a5 h5 41. a6 h4 42. fxg4 Bxg4 43. b5 Na5 44. a7 Nc4+ 45. Kc1 Nb6 46. Ra2 Kd5 47. a8Q+ Nxa8 48. Rxa8 Kc5 49. c4 h3 50. g3 e4 51. Kd2 Be6 52. Ke3 Bxc4 53. Rc8+ 1-0

[Event "Brno Duras op-A"]
[Site "Brno"]
[Date "2013.06.25"]
[Round "4"]
[White "Dvorak, Adam"]
[Black "Sladek, Vladislav"]
[Result "1/2-1/2"]
[WhiteElo "2056"]
[BlackElo "2008"]
[PlyCount "149"]
[EventDate "2013.06.22"]
[EventType "swiss"]
[EventRounds "9"]
[EventCountry "CZE"]
[SourceTitle "CBM 155 Extra"]
[Source "ChessBase"]
[SourceDate "2013.08.26"]
[SourceVersion "1"]
[SourceVersionDate "2013.08.26"]
[SourceQuality "1"]

1. d4 d5 2. c4 e5 3. dxe5 d4 4. Nf3 Nc6 5. a3 Nge7 6. b4 Ng6 7. Bb2 Ngxe5 8. Nxe5 Nxe5 9. e3 Be6 10. Bxd4 Nxc4 11. Qc2 Nb6 12. Nc3 c6 13. Bd3 Qg5 14. f4 Qh4+ 15. g3 Qe7 16. 0-0 Bc4 17. Rad1 Bxd3 18. Rxd3 Qe6 19. f5 Qc4 20. Bxb6 axb6 21. Rf4 Qa6 22. b5 Qxa3 23. Re4+ Be7 24. Nd5 Qa1+ 25. Rd1 cxd5 26. Rxe7+ Kxe7 27. Qc7+ Kf6 28. Rxa1 Rxa1+ 29. Kg2 Rha8 30. Qxb6+ Kxf5 31. Qxb7 R8a2+ 32. Kh3 Ke6 33. Qc6+ Ke5 34. Qc3+ Ke6 35. Qxg7 Rb1 36. Qg4+ Ke7 37. Qg5+ Ke6 38. Qh6+ Ke7 39. Qc6 Rab2 40. Qxd5 Rxb5 41. Qe4+ Kf6 42. Qxh7 Rb8 43. Kg4 R1b5 44. h4 Ke6 45. e4 Re5 46. h5 Rb4 47. Kf4 Rb1 48. Qh6+ f6 49. Qg6 Rf1+ 50. Ke3 Re1+ 51. Kf3 Rh1 52. g4 Rg5 53. Qe8+ Kd6 54. h6 Rh3+ 55. Kf4 Rh4 56. e5+ Rxe5 57. Qf8+ Ke6 58. Qg8+ Ke7 59. h7 Reh5 60. Qg7+ Ke6 61. Qc7 Rxh7 62. Qc6+ Ke7 63. Kf5 R4h6 64. Qc7+ Ke8 65. Qb8+ Ke7 66. Qb4+ Kd7 67. Qb7+ Ke8 68. Qc8+ Ke7 69. Qc5+ Kd7 70. Qd5+ Ke7 71. Qe6+ Kd8 72. Qd6+ Ke8 73. Qe6+ Kd8 74. Qc6 Ke7 75. Qc7+ 1/2-1/2

[Event "CZE-chT2E 1213"]
[Site "Czech Republic"]
[Date "2013.02.17"]
[Round "9.7"]
[White "Krca, Milan"]
[Black "Sladek, Vladislav"]
[Result "1/2-1/2"]
[WhiteElo "2057"]
[BlackElo "1966"]
[PlyCount "141"]
[EventDate "2012.10.14"]
[EventType "team-tourn"]
[EventRounds "11"]
[EventCountry "CZE"]
[SourceTitle "EXT 2016"]
[Source "ChessBase"]
[SourceDate "2015.10.08"]
[SourceVersion "1"]
[SourceVersionDate "2015.10.08"]
[SourceQuality "1"]
[WhiteTeam "Stare Mesto III"]
[BlackTeam "Kurim"]
[WhiteTeamCountry "CZE"]
[BlackTeamCountry "CZE"]

1. e4 c5 2. Nf3 e6 3. d4 cxd4 4. Nxd4 Qb6 5. Nb3 Nf6 6. Bd3 Nc6 7. 0-0 h5 8. Bf4 Be7 9. c4 Ng4 10. Nc3 g5 11. Bg3 Nge5 12. c5 Qd8 13. Nb5 h4 14. Bxe5 Nxe5 15. Be2 a6 16. Nd6+ Bxd6 17. Qxd6 Ng6 18. g3 Qe7 19. Qd4 e5 20. Qe3 h3 21. Nd2 b5 22. cxb6 Bb7 23. Nc4 d5 24. exd5 Bxd5 25. Rad1 Bxc4 26. Bxc4 0-0 27. Qe4 Kg7 28. Rfe1 Rab8 29. Qe3 Qf6 30. Rd7 Qc6 31. Rd5 Qxc4 32. Red1 Qc6 33. Qxg5 Rbd8 34. Qd2 Rd6 35. Kf1 Rxd5 36. Qxd5 Qxb6 37. b3 Qb5+ 38. Qxb5 axb5 39. Ke2 Ra8 40. Rd2 Kf6 41. Ke3 Ke6 42. f4 f6 43. Kf3 f5 44. fxe5 Nxe5+ 45. Kf4 Ng4 46. Kg5 Rg8+ 47. Kf4 Rc8 48. Kg5 Rc5 49. Kh4 Rc7 50. Kg5 Nf6 51. Re2+ Ne4+ 52. Kf4 Rg7 53. Rc2 Rg4+ 54. Ke3 Ke5 55. Rc8 Rg6 56. Rh8 Rc6 57. Re8+ Re6 58. Rb8 Nd6 59. Rh8 Kd5+ 60. Kf3 Nf7 61. Rf8 Re7 62. Rb8 Kc5 63. a4 Nd6 64. axb5 Nxb5 65. b4+ Kxb4 66. g4 Kc4 67. gxf5 Nd4+ 68. Kg4 Rh7 69. f6 Nc6 70. Rc8 Kd5 71. Kf5 1/2-1/2